000 00470nam a22001817a 4500
005 20260323130405.0
008 260323b |||||||| |||| 00| 0 eng d
037 _cDSWL
040 _aDSWL
_cDSWL
041 _heng
100 _aBonner, H
245 _aGroup dynamics
260 _aNew Delhi,
_bShri Sai Printographers,
_c2017
300 _a406p
365 _aINR
_b2495
942 _2CC
_cTEXL
_n0
999 _c1726397
_d1726397